000
00291nam a2200109Ia 4500
005
20251222175820.0
008
251222s9999||||xx |||||||||||||| ||spa||
082
_a
DVD0070/L54/1988
245
0
_a
Rain Man: Cuando los hermanos se encuentran
264
_b
The Guber-Peters Company
942
_c
DVD
999
_c
40450
_d
40450